[Event "23rd Hoogeveen Open 2019"]
[Site "Hoogeveen"]
[Date "2019.10.25"]
[Round "8.27"]
[White "Ypma, Jord"]
[Black "Shakhverdian, William"]
[Result "1-0"]
[WhiteElo "2013"]
[BlackElo "2109"]
[Annotator "NA"]
[PlyCount "103"]
[EventDate "2019.10.19"]
[EventType "swiss"]
[EventCountry "NED"]
[SourceTitle "playchess.com"]
[Source "ChessBase"]
[SourceQuality "1"]
[TimeControl "40/5400+30:1800+30"]

1. d4 {[%emt 0:00:00]} d5 {[%emt 0:00:00]} 2. c4 {[%emt 0:00:00]} c6 {[%emt 0:00:00]} 3. Nf3 {[%emt 0:00:01]} e6 {[%emt 0:00:05]} 4. e3 {[%emt 0:01:06]} Nf6 {[%emt 0:00:06]} 5. Nbd2 {[%emt 0:00:16]} Be7 {[%emt 0:01:46]} 6. Bd3 {[%emt 0:00:44]} Nbd7 {[%emt 0:00:20]} 7. b3 {[%emt 0:00:13]} O-O {[%emt 0:00:55]} 8. O-O {[%emt 0:01:39]} b6 {[%emt 0:01:34]} 9. Bb2 {[%emt 0:00:17]} Ba6 {[%emt 0:00:42]} 10. Qe2 {[%emt 0:10:04]} Rc8 {[%emt 0:02:05]} 11. e4 {[%emt 0:02:41]} dxe4 {[%emt 0:00:41]} 12. Nxe4 {[%emt 0:00:10]} Nxe4 {[%emt 0:00:42]} 13. Qxe4 {[%emt 0:00:26]} Nf6 {[%emt 0:00:36]} 14. Qh4 {[%emt 0:00:51]} h6 {[%emt 0:00:32]} 15. Rad1 {[%emt 0:03:02]} b5 {[%emt 0:02:41]} 16. c5 {[%emt 0:08:40]} Nd5 {[%emt 0:07:45]} 17. Qe4 {[%emt 0:10:23]} Nf6 {[%emt 0:00:16]} 18. Qh4 {[%emt 0:00:27]} Nd5 {[%emt 0:05:03]} 19. Qg3 {[%emt 0:00:27]} Qc7 {[%emt 0:01:32]} 20. Ne5 {[%emt 0:00:20]} Bf6 {[%emt 0:02:14]} 21. f4 {[%emt 0:04:03]} g6 {[%emt 0:03:17]} 22. f5 {[%emt 0:10:43]} exf5 {[%emt 0:00:15]} 23. Bxf5 {[%emt 0:01:47]} Rce8 {[%emt 0:00:28]} 24. Be4 {[%emt 0:06:03]} Bg7 {[%emt 0:05:28]} 25. Bd3 {[%emt 0:05:53]} Bb7 {[%emt 0:06:56]} 26. Rf3 {[%emt 0:01:05]} Qe7 {[%emt 0:13:17]} 27. Kh1 {[%emt 0:06:24]} Qe6 {[%emt 0:04:58]} 28. Rdf1 {[%emt 0:01:39]} Re7 {[%emt 0:04:06]} 29. h4 {[%emt 0:03:25]} h5 {[%emt 0:02:00]} 30. Qf2 {[%emt 0:04:02]} f5 {[%emt 0:03:11]} 31. Rg3 {[%emt 0:00:58]} Bxe5 {[%emt 0:01:03]} 32. dxe5 {[%emt 0:00:04]} Bc8 {[%emt 0:02:02]} 33. Rg5 {[%emt 0:01:53]} Rg7 {[%emt 0:00:21]} 34. Qd4 {[%emt 0:02:18]} Nc7 {[%emt 0:02:20]} 35. Qf4 {[%emt 0:04:53]} Nd5 {[%emt 0:02:47]} 36. Qf3 {[%emt 0:00:36]} Bd7 {[%emt 0:00:38]} 37. Rd1 {[%emt 0:01:20]} a6 {[%emt 0:01:10]} 38. a3 {[%emt 0:01:45]} Rd8 {[%emt 0:01:14]} 39. b4 {[%emt 0:01:34]} Be8 {[%emt 0:02:26]} 40. Bc2 {[%emt 0:01:03]} Bf7 {[%emt 0:00:55]} 41. Qg3 {[%emt 0:31:58]} f4 {[%emt 0:33:31]} 42. Qf3 {[%emt 0:00:10]} Rf8 {[%emt 0:01:03]} 43. Bb3 {[%emt 0:01:07]} Qe7 {[%emt 0:04:32]} 44. e6 {[%emt 0:00:00]} Bxe6 {[%emt 0:00:00]} 45. Bxg7 {[%emt 0:00:00]} Qxg7 {[%emt 0:00:00]} 46. Re1 {[%emt 0:00:00]} Bg4 {[%emt 0:00:00]} 47. Bxd5+ {[%emt 0:00:00]} Kh7 {[%emt 0:00:00]} 48. Bg8+ {[%emt 0:00:00]} Qxg8 {[%emt 0:00:00]} 49. Qxc6 {[%emt 0:00:00]} f3 {[%emt 0:00:00]} 50. Qc7+ {[%emt 0:00:00]} Kh6 {[%emt 0:00:00]} 51. Qd6 {[%emt 0:01:21]} fxg2+ {[%emt 0:00:00]} 52. Kxg2 {[%emt 0:13:53]} 1-0

[Event "23rd Hoogeveen Open 2019"]
[Site "Hoogeveen"]
[Date "2019.10.25"]
[Round "8.28"]
[White "Tabak, Stefan"]
[Black "Boersma, Jan"]
[Result "0-1"]
[WhiteElo "2181"]
[BlackElo "2070"]
[Annotator "NA"]
[PlyCount "74"]
[EventDate "2019.10.19"]
[EventType "swiss"]
[EventCountry "NED"]
[SourceTitle "playchess.com"]
[Source "ChessBase"]
[SourceQuality "1"]
[TimeControl "40/5400+30:1800+30"]

1. e4 {[%emt 0:00:00]} c5 {[%emt 0:00:00]} 2. Nc3 {[%emt 0:00:00]} g6 {[%emt 0:00:00]} 3. g3 {[%emt 0:00:00]} Bg7 {[%emt 0:00:00]} 4. Bg2 {[%emt 0:00:03]} Nc6 {[%emt 0:00:00]} 5. d3 {[%emt 0:00:06]} d6 {[%emt 0:00:00]} 6. f4 {[%emt 0:00:06]} Nh6 {[%emt 0:00:20]} 7. Nf3 {[%emt 0:00:50]} O-O {[%emt 0:00:45]} 8. O-O {[%emt 0:00:51]} Rb8 {[%emt 0:01:35]} 9. h3 {[%emt 0:06:13]} f5 {[%emt 0:04:39]} 10. Be3 {[%emt 0:02:14]} b5 {[%emt 0:04:50]} 11. Qd2 {[%emt 0:06:19]} b4 {[%emt 0:05:28]} 12. Nd1 {[%emt 0:01:30]} Nd4 {[%emt 0:04:32]} 13. Kh2 {[%emt 0:02:36]} Ba6 {[%emt 0:05:52]} 14. Re1 {[%emt 0:01:49]} Nf7 {[%emt 0:01:47]} 15. Bf2 {[%emt 0:16:20]} e5 {[%emt 0:11:15]} 16. exf5 {[%emt 0:14:01]} gxf5 {[%emt 0:03:01]} 17. Ne3 {[%emt 0:05:01]} Qd7 {[%emt 0:18:03]} 18. Nh4 {[%emt 0:10:51]} Bb7 {[%emt 0:11:22]} 19. c3 {[%emt 0:03:05]} Bxg2 {[%emt 0:00:51]} 20. Nexg2 {[%emt 0:06:17]} bxc3 {[%emt 0:00:56]} 21. bxc3 {[%emt 0:00:08]} Nc6 {[%emt 0:00:45]} 22. Ne3 {[%emt 0:00:30]} Ne7 {[%emt 0:00:41]} 23. Rab1 {[%emt 0:02:09]} d5 {[%emt 0:04:41]} 24. fxe5 {[%emt 0:04:07]} Nxe5 {[%emt 0:00:21]} 25. Neg2 {[%emt 0:00:14]} d4 {[%emt 0:02:55]} 26. cxd4 {[%emt 0:02:09]} cxd4 {[%emt 0:00:08]} 27. Nf4 {[%emt 0:04:04]} N7g6 {[%emt 0:01:34]} 28. Nfg2 {[%emt 0:03:53]} Bf6 {[%emt 0:03:05]} 29. Qh6 {[%emt 0:04:36]} Bxh4 {[%emt 0:00:21]} 30. gxh4 {[%emt 0:02:42]} Nf3+ {[%emt 0:01:25]} 31. Kh1 {[%emt 0:00:05]} Qc7 {[%emt 0:02:32]} 32. Nf4 {[%emt 0:02:25]} Nxe1 {[%emt 0:01:10]} 33. Rxb8 {[%emt 0:00:40]} Qc6+ {[%emt 0:00:13]} 34. Kh2 {[%emt 0:00:06]} Rxb8 {[%emt 0:00:13]} 35. Bxe1 {[%emt 0:00:36]} Rb2+ {[%emt 0:00:43]} 36. Kg3 {[%emt 0:00:42]} Qc1 {[%emt 0:01:29]} 37. Bf2 {[%emt 0:00:40]} Qxf4+ {[%emt 0:00:10]} 0-1

[Event "23rd Hoogeveen Open 2019"]
[Site "Hoogeveen"]
[Date "2019.10.25"]
[Round "8.29"]
[White "De Boer, Bas"]
[Black "Garcia Morales, Ivette Ale"]
[Result "1-0"]
[WhiteElo "2142"]
[BlackElo "2013"]
[Annotator "NA"]
[PlyCount "117"]
[EventDate "2019.10.19"]
[EventType "swiss"]
[EventCountry "NED"]
[SourceTitle "playchess.com"]
[Source "ChessBase"]
[SourceQuality "1"]
[TimeControl "40/5400+30:1800+30"]

1. d4 {[%emt 0:00:00]} e6 {[%emt 0:00:00]} 2. c4 {[%emt 0:00:00]} Nf6 {[%emt 0:00:00]} 3. g3 {[%emt 0:00:00]} Bb4+ {[%emt 0:00:00]} 4. Bd2 {[%emt 0:00:04]} Qe7 {[%emt 0:00:00]} 5. Nf3 {[%emt 0:01:29]} Nc6 {[%emt 0:00:18]} 6. Nc3 {[%emt 0:01:32]} Bxc3 {[%emt 0:00:06]} 7. Bxc3 {[%emt 0:00:06]} Ne4 {[%emt 0:00:02]} 8. Rc1 {[%emt 0:00:15]} Nxc3 {[%emt 0:01:25]} 9. Rxc3 {[%emt 0:00:21]} d6 {[%emt 0:00:11]} 10. d5 {[%emt 0:02:19]} Nb8 {[%emt 0:00:09]} 11. Bg2 {[%emt 0:00:25]} e5 {[%emt 0:00:50]} 12. O-O {[%emt 0:01:35]} a5 {[%emt 0:03:01]} 13. Nd2 {[%emt 0:01:46]} O-O {[%emt 0:02:32]} 14. f4 {[%emt 0:01:57]} f5 {[%emt 0:08:30]} 15. e4 {[%emt 0:01:20]} Na6 {[%emt 0:02:31]} 16. exf5 {[%emt 0:07:49]} Rxf5 {[%emt 0:09:40]} 17. Re3 {[%emt 0:03:46]} Nc5 {[%emt 0:07:59]} 18. Qe2 {[%emt 0:00:33]} Bd7 {[%emt 0:13:51]} 19. Nf3 {[%emt 0:04:21]} Re8 {[%emt 0:07:02]} 20. Re1 {[%emt 0:01:40]} Qf8 {[%emt 0:13:13]} 21. b3 {[%emt 0:07:11]} c6 {[%emt 0:03:16]} 22. fxe5 {[%emt 0:03:52]} cxd5 {[%emt 0:02:09]} 23. cxd5 {[%emt 0:01:59]} dxe5 {[%emt 0:02:12]} 24. Nxe5 {[%emt 0:03:04]} Rfxe5 {[%emt 0:03:00]} 25. Rxe5 {[%emt 0:00:43]} Rxe5 {[%emt 0:00:29]} 26. Qxe5 {[%emt 0:00:33]} Nd3 {[%emt 0:00:09]} 27. Qe3 {[%emt 0:00:38]} Nxe1 {[%emt 0:01:20]} 28. Qxe1 {[%emt 0:00:07]} Qc5+ {[%emt 0:00:11]} 29. Kh1 {[%emt 0:04:02]} h5 {[%emt 0:04:40]} 30. h3 {[%emt 0:02:31]} h4 {[%emt 0:02:38]} 31. g4 {[%emt 0:04:16]} g5 {[%emt 0:03:16]} 32. Qd2 {[%emt 0:00:37]} Qe7 {[%emt 0:00:48]} 33. Qxa5 {[%emt 0:00:11]} Qf6 {[%emt 0:02:08]} 34. Qe1 {[%emt 0:00:49]} Qf4 {[%emt 0:01:25]} 35. d6 {[%emt 0:02:41]} Qxd6 {[%emt 0:03:32]} 36. Qc1 {[%emt 0:01:00]} Qe5 {[%emt 0:03:05]} 37. Bxb7 {[%emt 0:01:06]} Be6 {[%emt 0:00:04]} 38. Bg2 {[%emt 0:00:24]} Kg7 {[%emt 0:00:57]} 39. Qd1 {[%emt 0:01:51]} Qc3 {[%emt 0:00:42]} 40. Qd6 {[%emt 0:03:47]} Qc1+ {[%emt 0:00:31]} 41. Kh2 {[%emt 0:30:12]} Kf7 {[%emt 0:30:47]} 42. Qe5 {[%emt 0:02:20]} Qd2 {[%emt 0:00:41]} 43. a4 {[%emt 0:04:57]} Bxb3 {[%emt 0:00:00]} 44. a5 {[%emt 0:00:00]} Be6 {[%emt 0:00:00]} 45. a6 {[%emt 0:00:00]} Qf2 {[%emt 0:00:00]} 46. Qc7+ {[%emt 0:00:00]} Kf6 {[%emt 0:00:00]} 47. a7 {[%emt 0:00:00]} Bd5 {[%emt 0:00:00]} 48. Qd6+ {[%emt 0:00:00]} Kg7 {[%emt 0:00:00]} 49. Qe5+ {[%emt 0:00:00]} Kh6 {[%emt 0:00:37]} 50. Qd6+ {[%emt 0:00:00]} Kg7 {[%emt 0:00:42]} 51. Qxd5 {[%emt 0:00:00]} Qg3+ {[%emt 0:01:07]} 52. Kg1 {[%emt 0:00:00]} Qe3+ {[%emt 0:00:07]} 53. Kf1 {[%emt 0:00:00]} Qc1+ {[%emt 0:00:29]} 54. Ke2 {[%emt 0:00:00]} Qb2+ {[%emt 0:00:40]} 55. Kd3 {[%emt 0:00:00]} Qa3+ {[%emt 0:00:15]} 56. Kd4 {[%emt 0:00:00]} Qa4+ {[%emt 0:00:28]} 57. Ke5 {[%emt 0:00:00]} Qf4+ {[%emt 0:01:29]} 58. Ke6 {[%emt 0:00:00]} Qf7+ {[%emt 0:00:58]} 59. Kd6 {[%emt 0:00:00]} 1-0

[Event "23rd Hoogeveen Open 2019"]
[Site "Hoogeveen"]
[Date "2019.10.25"]
[Round "8.30"]
[White "Achuthan, Dylan"]
[Black "Taams, Sander"]
[Result "1/2-1/2"]
[WhiteElo "1865"]
[BlackElo "2094"]
[Annotator "NA"]
[PlyCount "39"]
[EventDate "2019.10.19"]
[EventType "swiss"]
[EventCountry "NED"]
[SourceTitle "playchess.com"]
[Source "ChessBase"]
[SourceQuality "1"]
[TimeControl "40/5400+30:1800+30"]

1. e4 {[%emt 0:00:00]} c5 {[%emt 0:00:00]} 2. Nf3 {[%emt 0:00:00]} d6 {[%emt 0:00:00]} 3. c3 {[%emt 0:00:01]} Nf6 {[%emt 0:00:10]} 4. Be2 {[%emt 0:00:05]} Nc6 {[%emt 0:00:26]} 5. d4 {[%emt 0:00:05]} cxd4 {[%emt 0:10:10]} 6. cxd4 {[%emt 0:00:01]} e5 {[%emt 0:06:52]} 7. d5 {[%emt 0:11:33]} Ne7 {[%emt 0:00:18]} 8. Nc3 {[%emt 0:00:40]} g6 {[%emt 0:00:30]} 9. h3 {[%emt 0:01:27]} Bg7 {[%emt 0:00:14]} 10. Be3 {[%emt 0:00:21]} O-O {[%emt 0:00:18]} 11. Nd2 {[%emt 0:01:55]} Nd7 {[%emt 0:00:49]} 12. Nb5 {[%emt 0:04:42]} f5 {[%emt 0:07:07]} 13. f3 {[%emt 0:01:59]} fxe4 {[%emt 0:02:56]} 14. fxe4 {[%emt 0:07:39]} Nc6 {[%emt 0:10:32]} 15. Nf3 {[%emt 0:05:23]} Nd4 {[%emt 0:01:40]} 16. Nbxd4 {[%emt 0:28:01]} exd4 {[%emt 0:00:50]} 17. Bxd4 {[%emt 0:00:32]} Re8 {[%emt 0:06:17]} 18. Bxg7 {[%emt 0:04:45]} Kxg7 {[%emt 0:00:13]} 19. Qd4+ {[%emt 0:00:44]} Qf6 {[%emt 0:00:18]} 20. Rd1 {[%emt 0:10:12]} 1/2-1/2

[Event "23rd Hoogeveen Open 2019"]
[Site "Hoogeveen"]
[Date "2019.10.25"]
[Round "8.31"]
[White "Fehr, Axel"]
[Black "Mijnster, Niels"]
[Result "1-0"]
[WhiteElo "2045"]
[BlackElo "2145"]
[Annotator "NA"]
[PlyCount "99"]
[EventDate "2019.10.19"]
[EventType "swiss"]
[EventCountry "NED"]
[SourceTitle "playchess.com"]
[Source "ChessBase"]
[SourceQuality "1"]
[TimeControl "40/5400+30:1800+30"]

1. e4 {[%emt 0:00:00]} c6 {[%emt 0:00:00]} 2. d4 {[%emt 0:00:00]} d5 {[%emt 0:00:00]} 3. e5 {[%emt 0:00:00]} Bf5 {[%emt 0:00:00]} 4. Nf3 {[%emt 0:00:08]} e6 {[%emt 0:00:00]} 5. Be2 {[%emt 0:00:32]} Nd7 {[%emt 0:00:07]} 6. O-O {[%emt 0:01:15]} Ne7 {[%emt 0:00:36]} 7. Nbd2 {[%emt 0:01:13]} Bg6 {[%emt 0:00:48]} 8. c4 {[%emt 0:01:26]} dxc4 {[%emt 0:03:00]} 9. Nxc4 {[%emt 0:02:23]} Nd5 {[%emt 0:00:40]} 10. Bg5 {[%emt 0:02:48]} Qc7 {[%emt 0:01:15]} 11. Rc1 {[%emt 0:04:18]} h6 {[%emt 0:00:32]} 12. Bh4 {[%emt 0:03:12]} Bh7 {[%emt 0:01:15]} 13. Bd3 {[%emt 0:03:22]} Bxd3 {[%emt 0:01:15]} 14. Qxd3 {[%emt 0:02:08]} N7b6 {[%emt 0:01:08]} 15. Ncd2 {[%emt 0:08:45]} Nf4 {[%emt 0:02:49]} 16. Qe4 {[%emt 0:01:59]} g5 {[%emt 0:04:39]} 17. Bg3 {[%emt 0:02:40]} Ng6 {[%emt 0:03:34]} 18. h4 {[%emt 0:03:47]} Be7 {[%emt 0:09:43]} 19. h5 {[%emt 0:02:28]} Nf4 {[%emt 0:08:24]} 20. Bxf4 {[%emt 0:00:49]} gxf4 {[%emt 0:00:02]} 21. Qxf4 {[%emt 0:00:14]} Nd5 {[%emt 0:00:03]} 22. Qe4 {[%emt 0:01:20]} O-O-O {[%emt 0:00:14]} 23. Nc4 {[%emt 0:03:36]} Rdg8 {[%emt 0:01:26]} 24. a3 {[%emt 0:08:36]} Rg7 {[%emt 0:04:14]} 25. Ne3 {[%emt 0:02:16]} Rhg8 {[%emt 0:00:19]} 26. Ne1 {[%emt 0:08:05]} Nxe3 {[%emt 0:09:49]} 27. Qxe3 {[%emt 0:03:19]} Qa5 {[%emt 0:03:01]} 28. Qe4 {[%emt 0:05:15]} Rg4 {[%emt 0:02:26]} 29. f4 {[%emt 0:09:23]} Bh4 {[%emt 0:10:56]} 30. Rc2 {[%emt 0:01:25]} Bg3 {[%emt 0:00:57]} 31. Nd3 {[%emt 0:03:40]} Rd8 {[%emt 0:16:43]} 32. Nb4 {[%emt 0:01:42]} Rh4 {[%emt 0:01:12]} 33. Rf3 {[%emt 0:01:04]} Bh2+ {[%emt 0:00:52]} 34. Kf1 {[%emt 0:02:41]} Qb5+ {[%emt 0:00:01]} 35. Ke1 {[%emt 0:03:36]} Bg1 {[%emt 0:02:24]} 36. Rd3 {[%emt 0:03:36]} a5 {[%emt 0:06:55]} 37. Rc5 {[%emt 0:01:16]} Qa4 {[%emt 0:04:59]} 38. b3 {[%emt 0:00:34]} Qxa3 {[%emt 0:00:45]} 39. Nxc6 {[%emt 0:01:28]} Qa1+ {[%emt 0:01:40]} 40. Rd1 {[%emt 0:01:09]} Bf2+ {[%emt 0:00:33]} 41. Ke2 {[%emt 0:04:03]} Qb2+ {[%emt 0:03:20]} 42. Rd2 {[%emt 0:00:15]} Qa1 {[%emt 0:01:43]} 43. Nxd8+ {[%emt 0:01:40]} Kxd8 {[%emt 0:00:03]} 44. Rd1 {[%emt 0:03:39]} Qb2+ {[%emt 0:01:23]} 45. Rc2 {[%emt 0:00:19]} Qxb3 {[%emt 0:00:11]} 46. Kxf2 {[%emt 0:01:44]} Rg4 {[%emt 0:00:41]} 47. Rdc1 {[%emt 0:04:39]} Qg3+ {[%emt 0:01:13]} 48. Kg1 {[%emt 0:00:25]} Ke7 {[%emt 0:01:03]} 49. Rc8 {[%emt 0:00:54]} Kd7 {[%emt 0:00:09]} 50. Qxb7# {[%emt 0:00:17]} 1-0

[Event "23rd Hoogeveen Open 2019"]
[Site "Hoogeveen"]
[Date "2019.10.25"]
[Round "8.32"]
[White "Elgersma, Simon"]
[Black "Gijsen, William"]
[Result "1-0"]
[WhiteElo "2111"]
[BlackElo "2091"]
[Annotator "NA"]
[PlyCount "77"]
[EventDate "2019.10.19"]
[EventType "swiss"]
[EventCountry "NED"]
[SourceTitle "playchess.com"]
[Source "ChessBase"]
[SourceQuality "1"]
[TimeControl "40/5400+30:1800+30"]

1. e4 {[%emt 0:00:00]} c5 {[%emt 0:00:00]} 2. Nf3 {[%emt 0:00:00]} d6 {[%emt 0:00:00]} 3. d4 {[%emt 0:00:01]} cxd4 {[%emt 0:00:00]} 4. Nxd4 {[%emt 0:00:05]} Nf6 {[%emt 0:00:00]} 5. Nc3 {[%emt 0:00:05]} a6 {[%emt 0:00:00]} 6. h3 {[%emt 0:00:30]} e5 {[%emt 0:00:04]} 7. Nde2 {[%emt 0:01:28]} Be7 {[%emt 0:01:33]} 8. g4 {[%emt 0:00:22]} h6 {[%emt 0:00:06]} 9. Bg2 {[%emt 0:02:16]} Nbd7 {[%emt 0:05:47]} 10. a4 {[%emt 0:02:06]} b6 {[%emt 0:02:06]} 11. O-O {[%emt 0:04:47]} O-O {[%emt 0:01:21]} 12. Ng3 {[%emt 0:02:16]} Bb7 {[%emt 0:04:09]} 13. Be3 {[%emt 0:04:09]} Nc5 {[%emt 0:02:42]} 14. Qd2 {[%emt 0:07:33]} Re8 {[%emt 0:02:34]} 15. b4 {[%emt 0:13:30]} Ne6 {[%emt 0:00:47]} 16. Nd5 {[%emt 0:06:01]} Nxd5 {[%emt 0:03:04]} 17. exd5 {[%emt 0:00:48]} Nf4 {[%emt 0:02:22]} 18. c4 {[%emt 0:05:48]} Rc8 {[%emt 0:03:51]} 19. Rfc1 {[%emt 0:04:05]} Nxg2 {[%emt 0:01:20]} 20. Kxg2 {[%emt 0:00:19]} Bg5 {[%emt 0:03:19]} 21. Bxg5 {[%emt 0:04:14]} Qxg5 {[%emt 0:03:53]} 22. Qxg5 {[%emt 0:02:29]} hxg5 {[%emt 0:00:03]} 23. Ne4 {[%emt 0:03:13]} Red8 {[%emt 0:02:06]} 24. f3 {[%emt 0:04:17]} f6 {[%emt 0:02:33]} 25. a5 {[%emt 0:07:22]} b5 {[%emt 0:05:04]} 26. c5 {[%emt 0:12:03]} dxc5 {[%emt 0:13:16]} 27. Nxc5 {[%emt 0:01:05]} Bxd5 {[%emt 0:00:15]} 28. Nxa6 {[%emt 0:01:05]} e4 {[%emt 0:02:30]} 29. fxe4 {[%emt 0:01:28]} Bxe4+ {[%emt 0:00:06]} 30. Kf2 {[%emt 0:00:32]} Rxc1 {[%emt 0:22:20]} 31. Rxc1 {[%emt 0:00:08]} Rd3 {[%emt 0:01:05]} 32. Nc5 {[%emt 0:01:33]} Rd4 {[%emt 0:00:06]} 33. Ke3 {[%emt 0:00:38]} Rxb4 {[%emt 0:00:20]} 34. Nxe4 {[%emt 0:00:21]} Ra4 {[%emt 0:00:31]} 35. Rc8+ {[%emt 0:00:31]} Kf7 {[%emt 0:00:15]} 36. Ra8 {[%emt 0:00:13]} b4 {[%emt 0:02:15]} 37. a6 {[%emt 0:01:53]} Ra3+ {[%emt 0:01:13]} 38. Kd2 {[%emt 0:02:43]} g6 {[%emt 0:04:49]} 39. a7 {[%emt 0:00:54]} 1-0

[Event "23rd Hoogeveen Open 2019"]
[Site "Hoogeveen"]
[Date "2019.10.25"]
[Round "8.33"]
[White "Vasse, Albert"]
[Black "Otten, Martijn"]
[Result "0-1"]
[WhiteElo "1934"]
[BlackElo "2101"]
[Annotator "NA"]
[PlyCount "88"]
[EventDate "2019.10.19"]
[EventType "swiss"]
[EventCountry "NED"]
[SourceTitle "playchess.com"]
[Source "ChessBase"]
[SourceQuality "1"]
[TimeControl "40/5400+30:1800+30"]

1. e4 {[%emt 0:00:00]} e6 {[%emt 0:28:02]} 2. Nf3 {[%emt 0:00:45]} d5 {[%emt 0:00:03]} 3. e5 {[%emt 0:00:14]} c5 {[%emt 0:00:03]} 4. b4 {[%emt 0:00:07]} d4 {[%emt 0:00:02]} 5. Bc4 {[%emt 0:04:52]} Nc6 {[%emt 0:02:20]} 6. bxc5 {[%emt 0:02:16]} Bxc5 {[%emt 0:01:06]} 7. O-O {[%emt 0:00:11]} Nge7 {[%emt 0:01:34]} 8. d3 {[%emt 0:07:25]} Ng6 {[%emt 0:02:42]} 9. Bb5 {[%emt 0:03:27]} Bd7 {[%emt 0:02:39]} 10. Bxc6 {[%emt 0:03:02]} Bxc6 {[%emt 0:00:53]} 11. Re1 {[%emt 0:00:09]} O-O {[%emt 0:01:59]} 12. a4 {[%emt 0:12:05]} Qc7 {[%emt 0:02:51]} 13. Qe2 {[%emt 0:01:25]} Bxf3 {[%emt 0:02:46]} 14. gxf3 {[%emt 0:00:16]} Bb4 {[%emt 0:00:59]} 15. Bd2 {[%emt 0:05:16]} Bxd2 {[%emt 0:05:21]} 16. Nxd2 {[%emt 0:01:10]} Qxc2 {[%emt 0:01:12]} 17. Rec1 {[%emt 0:07:00]} Nf4 {[%emt 0:01:37]} 18. Rxc2 {[%emt 0:01:01]} Nxe2+ {[%emt 0:00:04]} 19. Kf1 {[%emt 0:01:11]} Nf4 {[%emt 0:00:49]} 20. Ra3 {[%emt 0:02:10]} Rac8 {[%emt 0:03:21]} 21. Nc4 {[%emt 0:02:59]} Rc5 {[%emt 0:02:48]} 22. Ke1 {[%emt 0:01:05]} Rfc8 {[%emt 0:01:00]} 23. Kd2 {[%emt 0:00:39]} Ng6 {[%emt 0:01:17]} 24. Rb3 {[%emt 0:00:28]} b6 {[%emt 0:01:16]} 25. Na3 {[%emt 0:00:29]} Nxe5 {[%emt 0:00:33]} 26. Rxc5 {[%emt 0:01:43]} Rxc5 {[%emt 0:00:04]} 27. Nb5 {[%emt 0:00:34]} Nxf3+ {[%emt 0:00:57]} 28. Ke2 {[%emt 0:00:31]} Nxh2 {[%emt 0:00:08]} 29. Nxa7 {[%emt 0:01:49]} h5 {[%emt 0:01:23]} 30. Rxb6 {[%emt 0:02:42]} Ra5 {[%emt 0:00:34]} 31. Nc6 {[%emt 0:00:16]} Rxa4 {[%emt 0:00:23]} 32. Rb8+ {[%emt 0:00:38]} Kh7 {[%emt 0:00:04]} 33. Rd8 {[%emt 0:00:03]} Ra2+ {[%emt 0:00:34]} 34. Ke1 {[%emt 0:03:09]} Nf3+ {[%emt 0:00:59]} 35. Kf1 {[%emt 0:01:48]} e5 {[%emt 0:00:00]} 36. Rd5 {[%emt 0:02:07]} f6 {[%emt 0:00:00]} 37. Ne7 {[%emt 0:02:11]} h4 {[%emt 0:01:00]} 38. Nf5 {[%emt 0:05:36]} h3 {[%emt 0:00:58]} 39. Ng3 {[%emt 0:02:49]} Ra1+ {[%emt 0:00:36]} 40. Ke2 {[%emt 0:00:13]} Ng5 {[%emt 0:00:24]} 41. Nf1 {[%emt 0:30:41]} Ra2+ {[%emt 0:30:11]} 42. Nd2 {[%emt 0:01:17]} h2 {[%emt 0:00:05]} 43. Rd7 {[%emt 0:00:06]} h1=Q {[%emt 0:00:32]} 44. Rxg7+ {[%emt 0:00:12]} Kxg7 {[%emt 0:00:03]} 0-1

[Event "23rd Hoogeveen Open 2019"]
[Site "Hoogeveen"]
[Date "2019.10.25"]
[Round "8.34"]
[White "Van der Veen, Jan"]
[Black "Noordenbos, Daan"]
[Result "0-1"]
[WhiteElo "2043"]
[BlackElo "2133"]
[Annotator "NA"]
[PlyCount "70"]
[EventDate "2019.10.19"]
[EventType "swiss"]
[EventCountry "NED"]
[SourceTitle "playchess.com"]
[Source "ChessBase"]
[SourceQuality "1"]
[TimeControl "40/5400+30:1800+30"]

1. e4 {[%emt 0:02:52]} e6 {[%emt 0:00:00]} 2. d4 {[%emt 0:00:10]} d5 {[%emt 0:00:00]} 3. Nc3 {[%emt 0:00:06]} Bb4 {[%emt 0:00:00]} 4. exd5 {[%emt 0:00:52]} exd5 {[%emt 0:00:00]} 5. Bd3 {[%emt 0:00:07]} Nc6 {[%emt 0:00:04]} 6. Nge2 {[%emt 0:00:21]} Bg4 {[%emt 0:00:09]} 7. f3 {[%emt 0:02:17]} Bh5 {[%emt 0:00:07]} 8. O-O {[%emt 0:00:21]} Nge7 {[%emt 0:00:28]} 9. a3 {[%emt 0:03:13]} Ba5 {[%emt 0:03:16]} 10. Be3 {[%emt 0:06:50]} Qd7 {[%emt 0:00:41]} 11. Na4 {[%emt 0:24:49]} Bb6 {[%emt 0:02:46]} 12. Nxb6 {[%emt 0:00:22]} axb6 {[%emt 0:00:51]} 13. Nf4 {[%emt 0:08:14]} Bg6 {[%emt 0:00:39]} 14. Nxg6 {[%emt 0:01:59]} hxg6 {[%emt 0:02:09]} 15. Bf2 {[%emt 0:00:18]} O-O {[%emt 0:06:34]} 16. Qd2 {[%emt 0:03:32]} Nf5 {[%emt 0:01:42]} 17. Qf4 {[%emt 0:07:16]} Rac8 {[%emt 0:16:37]} 18. Rae1 {[%emt 0:04:23]} Nd6 {[%emt 0:05:33]} 19. Re2 {[%emt 0:02:41]} Rfe8 {[%emt 0:05:08]} 20. Rfe1 {[%emt 0:00:19]} Rxe2 {[%emt 0:01:23]} 21. Rxe2 {[%emt 0:00:08]} Re8 {[%emt 0:00:34]} 22. Rxe8+ {[%emt 0:04:18]} Qxe8 {[%emt 0:00:26]} 23. b3 {[%emt 0:05:45]} Qa8 {[%emt 0:02:21]} 24. Qc1 {[%emt 0:00:54]} Na5 {[%emt 0:03:41]} 25. g4 {[%emt 0:03:57]} Qc8 {[%emt 0:03:07]} 26. Qf4 {[%emt 0:02:09]} Qd7 {[%emt 0:05:25]} 27. Qg5 {[%emt 0:03:03]} Ne8 {[%emt 0:01:44]} 28. h4 {[%emt 0:00:22]} Nf6 {[%emt 0:02:04]} 29. Kg2 {[%emt 0:02:21]} Nc6 {[%emt 0:04:08]} 30. c3 {[%emt 0:02:33]} Nd8 {[%emt 0:01:15]} 31. Qe5 {[%emt 0:02:07]} Ne6 {[%emt 0:01:25]} 32. Bg3 {[%emt 0:00:26]} Qc6 {[%emt 0:01:27]} 33. Qe1 {[%emt 0:00:03]} Qd7 {[%emt 0:01:02]} 34. a4 {[%emt 0:01:53]} Qe7 {[%emt 0:00:32]} 35. b4 {[%emt 0:01:03]} Nf4+ {[%emt 0:00:07]} 0-1